Quản lý chất lượng trong các tổ chức /

保存先:
書誌詳細
その他の著者: Đinh Phượng Vương, Ngô Thị Ánh, Nguyễn Hoàng Kiệt, Nguyễn Văn Hoá, Tạ Thị Kiều An
フォーマット: Sách giấy
言語:Vietnamese
出版事項: H. : Thống kê, 2004
版:Tái bản lần thứ ba, có chỉnh sửa và cập nhật thông tin
主題:
タグ: タグ追加
タグなし, このレコードへの初めてのタグを付けませんか!
Thư viện lưu trữ: Thư viện Trường Đại học Đà Lạt
LEADER 01064nam a2200373 4500
001 DLU050050170
005 ##20051227
040 # # |a DLU  |b vie 
041 # # |a vie 
044 # # |a vn 
082 # # |a 658.562  |b Qua 
245 # # |a Quản lý chất lượng trong các tổ chức /  |c Tạ Thị Kiều An, ... [và những người khác] 
250 # # |a Tái bản lần thứ ba, có chỉnh sửa và cập nhật thông tin 
260 # # |a H. :  |b Thống kê,  |c 2004 
300 # # |a 485 tr. ;  |c 21 cm 
504 # # |a Tài liệu tham khảo :tr.474-478 
653 # # |a Giáo trình 
653 # # |a Quản lý chất lượng 
653 # # |a Tiêu chuẩn kỹ thuật 
700 # # |a Đinh Phượng Vương 
700 # # |a Ngô Thị Ánh 
700 # # |a Nguyễn Hoàng Kiệt 
700 # # |a Nguyễn Văn Hoá 
700 # # |a Tạ Thị Kiều An 
923 # # |a 60/2005 
992 # # |a 45.000 
994 # # |a DLU 
900 # # |a True 
911 # # |a Đào Thị Thu Huyền 
925 # # |a G 
926 # # |a A 
927 # # |a SH 
980 # # |a Thư viện Trường Đại học Đà Lạt